[Event "DVM U10 2023"]
[Site "Magdeburg GER"]
[Date "2023.12.27"]
[Round "2"]
[White "Tiuca, Emma"]
[Black "Mattar, Lukas"]
[Result "1-0"]
[Termination "normal"]
[Board "12.1"]
[WhiteElo "1148"]
[BlackElo "1395"]
[WhiteClock "00:42:07"]
[BlackClock "00:39:37"]
[WhiteTeam "SG Trier 1877"]
[BlackTeam "SK 1926 Ettlingen"]
[PlyCount "57"]
[WhiteFideId "4007549"]
[BlackFideId "34685898"]
[EventCountry "GER"]
[EventRounds "7"]
[EventType "team-swiss"]
[EventDate "2023.12.27"]

1. e4 {[%clk 00:55:08]} e6 {[%clk 00:55:06]} {[%emt 00:00:05]} 2. d4 {[%emt
00:00:10]} d5 {[%clk 00:55:07]} 3. Nc3 {[%clk 00:55:03]} {[%emt 00:00:09]} Nf6
{[%clk 00:55:08]} {[%emt 00:00:05]} 4. e5 {[%clk 00:54:54]} {[%emt 00:00:13]}
Nfd7 {[%clk 00:55:09]} {[%emt 00:00:05]} 5. f4 {[%clk 00:54:46]} {[%emt
00:00:12]} c5 {[%clk 00:55:09]} {[%emt 00:00:05]} 6. Nf3 {[%clk 00:54:39]}
{[%emt 00:00:11]} Nc6 {[%clk 00:55:10]} {[%emt 00:00:06]} 7. Be3 {[%clk
00:54:29]} {[%emt 00:00:13]} Qb6 {[%clk 00:54:57]} {[%emt 00:00:20]} 8. Be2
{[%clk 00:53:23]} {[%emt 00:01:09]} Qxb2 {[%clk 00:54:39]} {[%emt 00:00:24]} 9.
Nb5 {[%clk 00:52:45]} {[%emt 00:00:43]} Kd8 {[%clk 00:54:00]} {[%emt 00:00:44]}
10. O-O {[%clk 00:52:31]} {[%emt 00:00:19]} a6 {[%clk 00:53:53]} {[%emt
00:00:12]} 11. Nd6 {[%clk 00:52:26]} {[%emt 00:00:09]} Bxd6 {[%clk 00:53:52]}
{[%emt 00:00:07]} 12. exd6 {[%clk 00:52:23]} {[%emt 00:00:08]} c4 {[%clk
00:52:35]} {[%emt 00:01:23]} 13. Bf2 {[%clk 00:51:28]} {[%emt 00:00:59]} Qa3
{[%clk 00:51:52]} {[%emt 00:00:49]} 14. Bh4+ {[%clk 00:50:52]} {[%emt
00:00:35]} f6 {[%clk 00:51:20]} {[%emt 00:00:41]} 15. Ne5 {[%clk 00:50:25]}
{[%emt 00:00:32]} Rf8 {[%clk 00:49:43]} {[%emt 00:01:42]} 16. Nxc6+ {[%clk
00:47:53]} {[%emt 00:02:37]} bxc6 {[%clk 00:49:35]} {[%emt 00:00:15]} 17. Bg4
{[%clk 00:47:31]} {[%emt 00:00:23]} Qxd6 {[%clk 00:48:35]} {[%emt 00:01:08]}
18. Re1 {[%clk 00:47:14]} {[%emt 00:00:21]} Re8 {[%clk 00:48:17]} {[%emt
00:00:23]} 19. f5 {[%clk 00:46:35]} {[%emt 00:00:44]} e5 {[%clk 00:47:11]}
{[%emt 00:01:13]} 20. dxe5 {[%clk 00:46:29]} {[%emt 00:00:10]} Rxe5 {[%clk
00:47:05]} {[%emt 00:00:11]} 21. Rxe5 {[%clk 00:46:16]} {[%emt 00:00:18]} Qxe5
{[%clk 00:46:27]} {[%emt 00:00:43]} 22. Rb1 {[%clk 00:45:46]} {[%emt 00:00:34]}
Rb8 {[%clk 00:45:26]} {[%emt 00:01:07]} 23. Rxb8 {[%clk 00:45:19]} {[%emt
00:00:31]} Qxb8 {[%clk 00:45:19]} {[%emt 00:00:12]} 24. Qe1 {[%clk 00:44:31]}
{[%emt 00:00:47]} Nc5 {[%clk 00:43:54]} {[%emt 00:01:37]} 25. Qa5+ {[%clk
00:43:20]} {[%emt 00:01:15]} Qc7 {[%clk 00:42:19]} {[%emt 00:01:41]} 26. Qxc5
{[%clk 00:42:48]} {[%emt 00:00:36]} Qd7 {[%clk 00:41:07]} {[%emt 00:01:17]} 27.
Qf8+ {[%clk 00:42:21]} {[%emt 00:00:32]} Kc7 {[%clk 00:41:00]} {[%emt
00:00:13]} 28. Bg3+ {[%clk 00:42:17]} {[%emt 00:00:09]} Kb6 {[%clk 00:39:37]}
{[%emt 00:01:29]} 29. Qb4+ {[%clk 00:42:07]} {[%emt 00:00:14]} 1-0

[Event "DVM U10 2023"]
[Site "Magdeburg GER"]
[Date "2023.12.27"]
[Round "2"]
[White "Classen, Meara"]
[Black "Faisz, David"]
[Result "1-0"]
[Termination "normal"]
[Board "12.3"]
[WhiteElo "1118"]
[BlackElo "1112"]
[WhiteClock "00:03:48"]
[BlackClock "00:29:24"]
[WhiteTeam "SG Trier 1877"]
[BlackTeam "SK 1926 Ettlingen"]
[PlyCount "163"]
[WhiteFideId "34626956"]
[BlackFideId "34650989"]
[EventCountry "GER"]
[EventRounds "7"]
[EventType "team-swiss"]
[EventDate "2023.12.27"]

1. e4 {[%clk 00:55:08]} {[%emt 00:00:03]} e6 {[%clk 00:55:08]} {[%emt
00:00:06]} 2. d4 {[%clk 00:55:09]} {[%emt 00:00:05]} d5 {[%clk 00:55:10]}
{[%emt 00:00:03]} 3. Nc3 {[%emt 00:00:11]} Nf6 {[%clk 00:55:06]} {[%emt
00:00:06]} 4. e5 {[%clk 00:54:59]} {[%emt 00:00:11]} Nfd7 {[%clk 00:55:01]}
{[%emt 00:00:10]} 5. Nf3 {[%clk 00:54:36]} {[%emt 00:00:28]} c5 {[%clk
00:55:01]} {[%emt 00:00:06]} 6. Be3 {[%clk 00:54:17]} {[%emt 00:00:24]} Nc6
{[%clk 00:54:53]} {[%emt 00:00:13]} 7. Bb5 {[%clk 00:53:49]} {[%emt 00:00:33]}
cxd4 {[%clk 00:54:06]} {[%emt 00:00:52]} 8. Nxd4 {[%clk 00:52:59]} {[%emt
00:00:55]} Nxd4 {[%clk 00:53:59]} {[%emt 00:00:12]} 9. Bxd4 {[%clk 00:52:30]}
{[%emt 00:00:34]} Qc7 {[%clk 00:53:45]} {[%emt 00:00:18]} 10. O-O {[%clk
00:52:08]} {[%emt 00:00:27]} Be7 {[%clk 00:53:35]} {[%emt 00:00:16]} 11. Re1
{[%clk 00:50:20]} {[%emt 00:01:50]} O-O {[%clk 00:53:32]} {[%emt 00:00:10]} 12.
Be3 {[%clk 00:49:28]} {[%emt 00:00:55]} a6 {[%clk 00:52:27]} {[%emt 00:01:12]}
13. Ba4 {[%clk 00:48:40]} {[%emt 00:00:54]} b5 {[%clk 00:52:03]} {[%emt
00:00:28]} 14. Bb3 {[%clk 00:47:45]} {[%emt 00:01:00]} b4 {[%clk 00:51:08]}
{[%emt 00:01:00]} 15. Ne2 {[%clk 00:46:59]} {[%emt 00:00:51]} Qxe5 {[%clk
00:50:55]} {[%emt 00:00:18]} 16. Bd4 {[%clk 00:46:14]} {[%emt 00:00:50]} Qg5
{[%clk 00:49:57]} {[%emt 00:00:22]} 17. Be3 {[%clk 00:46:07]} {[%emt 00:00:52]}
Qg6 {[%clk 00:49:52]} {[%emt 00:00:11]} 18. Nf4 {[%clk 00:45:04]} {[%emt
00:01:04]} Qf6 {[%clk 00:49:36]} {[%emt 00:00:25]} 19. Qd4 {[%clk 00:43:59]}
{[%emt 00:01:06]} e5 {[%clk 00:49:24]} {[%emt 00:00:22]} 20. Qxd5 {[%clk
00:41:51]} {[%emt 00:02:12]} Nb6 {[%clk 00:48:47]} {[%emt 00:00:42]} 21. Bxb6
{[%clk 00:40:39]} {[%emt 00:01:17]} Qxb6 {[%clk 00:48:03]} {[%emt 00:00:48]}
22. Qxe5 {[%clk 00:39:56]} {[%emt 00:00:49]} Bd6 {[%clk 00:47:27]} {[%emt
00:00:41]} 23. Qe4 {[%clk 00:38:51]} {[%emt 00:01:08]} Bb7 {[%clk 00:47:11]}
{[%emt 00:00:23]} 24. Nd5 {[%clk 00:37:50]} {[%emt 00:01:06]} Rae8 {[%clk
00:46:32]} {[%emt 00:00:43]} 25. Qg4 {[%clk 00:36:53]} {[%emt 00:01:03]} Bxd5
{[%clk 00:45:23]} {[%emt 00:01:15]} 26. Bxd5 {[%clk 00:36:31]} {[%emt
00:00:27]} Qc5 {[%clk 00:45:04]} {[%emt 00:00:24]} 27. Rxe8 {[%clk 00:34:30]}
{[%emt 00:02:06]} Rxe8 {[%clk 00:44:38]} {[%emt 00:00:30]} 28. Qf3 {[%clk
00:33:35]} {[%emt 00:00:57]} Rf8 {[%clk 00:44:21]} {[%emt 00:00:24]} 29. Rc1
{[%clk 00:32:25]} {[%emt 00:01:16]} Qc7 {[%clk 00:42:56]} {[%emt 00:01:30]} 30.
c4 {[%clk 00:31:16]} {[%emt 00:01:14]} Bxh2+ {[%clk 00:42:48]} {[%emt
00:00:13]} 31. Kh1 {[%clk 00:30:42]} {[%emt 00:00:34]} Qf4 {[%clk 00:42:42]}
{[%emt 00:00:15]} 32. Qxf4 {[%clk 00:29:35]} {[%emt 00:01:13]} Bxf4 {[%clk
00:42:32]} {[%emt 00:00:14]} 33. Rc2 {[%clk 00:29:27]} {[%emt 00:00:14]} Re8
{[%clk 00:42:25]} {[%emt 00:00:12]} 34. g3 {[%clk 00:29:21]} {[%emt 00:00:10]}
Bc7 {[%clk 00:41:47]} {[%emt 00:00:43]} 35. c5 {[%clk 00:28:14]} {[%emt
00:01:13]} Rd8 {[%clk 00:41:32]} {[%emt 00:00:21]} 36. Bc6 {[%clk 00:28:01]}
{[%emt 00:00:18]} Rc8 {[%clk 00:40:59]} {[%emt 00:00:37]} 37. Bd7 {[%clk
00:27:43]} {[%emt 00:00:23]} Rd8 {[%clk 00:40:48]} {[%emt 00:00:17]} 38. c6
{[%clk 00:27:37]} {[%emt 00:00:11]} h5 {[%clk 00:40:12]} {[%emt 00:00:40]} 39.
Re2 {[%clk 00:27:08]} {[%emt 00:00:30]} Kf8 {[%clk 00:39:35]} {[%emt 00:00:46]}
40. Kg2 {[%clk 00:26:47]} {[%emt 00:00:24]} g5 {[%clk 00:39:29]} {[%emt
00:00:13]} 41. Re3 {[%clk 00:25:12]} {[%emt 00:01:39]} a5 {[%clk 00:39:18]}
{[%emt 00:00:18]} 42. a3 {[%clk 00:24:41]} {[%emt 00:00:36]} bxa3 {[%clk
00:39:07]} {[%emt 00:00:14]} 43. bxa3 {[%clk 00:24:27]} {[%emt 00:00:20]} Rb8
{[%clk 00:38:15]} {[%emt 00:00:58]} 44. Rd3 {[%clk 00:23:35]} {[%emt 00:00:54]}
Rd8 {[%clk 00:38:04]} {[%emt 00:00:18]} 45. Rd5 {[%clk 00:20:39]} {[%emt
00:03:00]} f6 {[%clk 00:37:43]} {[%emt 00:00:28]} 46. Rf5 {[%clk 00:20:22]}
{[%emt 00:00:17]} Kf7 {[%clk 00:37:38]} {[%emt 00:00:14]} 47. Rb5 {[%clk
00:19:21]} {[%emt 00:00:51]} Rb8 {[%clk 00:37:35]} {[%emt 00:00:24]} 48. Rc5
{[%clk 00:18:44]} {[%emt 00:00:42]} Rd8 {[%clk 00:37:08]} {[%emt 00:00:32]} 49.
Rb5 {[%clk 00:18:28]} {[%emt 00:00:20]} Rb8 {[%clk 00:36:54]} {[%emt 00:00:19]}
50. Rf5 {[%clk 00:17:53]} {[%emt 00:00:36]} Rd8 {[%clk 00:36:30]} {[%emt
00:00:34]} 51. Kh3 {[%clk 00:17:31]} {[%emt 00:00:20]} Kg6 {[%clk 00:36:24]}
{[%emt 00:00:18]} 52. a4 {[%clk 00:16:52]} {[%emt 00:00:44]} Rb8 {[%clk
00:35:35]} {[%emt 00:00:53]} 53. Kg2 {[%clk 00:16:14]} {[%emt 00:00:41]} Rd8
{[%clk 00:35:21]} {[%emt 00:00:21]} 54. Rd5 {[%clk 00:14:40]} {[%emt 00:01:36]}
h4 {[%clk 00:34:45]} {[%emt 00:00:44]} 55. gxh4 {[%clk 00:14:28]} {[%emt
00:00:17]} gxh4 {[%emt 00:00:01]} 56. Rd4 {[%emt 00:01:20]} Rh8 {[%clk
00:32:33]} {[%emt 00:00:57]} 57. Kh3 {[%clk 00:13:38]} {[%emt 00:00:53]} Kg5
{[%clk 00:31:36]} {[%emt 00:01:03]} 58. Rg4+ {[%clk 00:13:23]} {[%emt
00:00:19]} Kh6 {[%clk 00:31:24]} {[%emt 00:00:18]} 59. Rxh4+ {[%clk 00:12:57]}
{[%emt 00:00:31]} Kg7 {[%clk 00:31:26]} {[%emt 00:00:04]} 60. Rxh8 {[%clk
00:12:26]} {[%emt 00:00:35]} Kxh8 {[%clk 00:31:30]} {[%emt 00:00:01]} 61. Kg4
{[%clk 00:11:40]} {[%emt 00:00:47]} Kg7 {[%clk 00:31:29]} {[%emt 00:00:08]} 62.
Kf5 {[%clk 00:10:53]} {[%emt 00:00:53]} Kf7 {[%clk 00:31:19]} {[%emt 00:00:17]}
63. Ke4 {[%clk 00:10:09]} {[%emt 00:00:48]} Ke7 {[%clk 00:31:16]} {[%emt
00:00:08]} 64. Kd5 {[%clk 00:09:53]} {[%emt 00:00:21]} Bd6 {[%clk 00:31:14]}
{[%emt 00:00:07]} 65. f3 {[%clk 00:09:18]} {[%emt 00:00:40]} Bc7 {[%clk
00:30:46]} {[%emt 00:00:34]} 66. Kc5 {[%clk 00:08:48]} {[%emt 00:00:35]} Kd8
{[%clk 00:29:55]} {[%emt 00:00:56]} 67. Kb5 {[%clk 00:08:30]} {[%emt 00:00:22]}
Ke7 {[%clk 00:29:58]} {[%emt 00:00:02]} 68. Ka6 {[%clk 00:07:56]} {[%emt
00:00:37]} Kd6 {[%clk 00:29:40]} {[%emt 00:00:25]} 69. Kb7 {[%clk 00:07:39]}
{[%emt 00:00:22]} Bd8 {[%clk 00:29:26]} {[%emt 00:00:19]} 70. f4 {[%clk
00:06:29]} {[%emt 00:01:15]} Bc7 {[%clk 00:29:23]} {[%emt 00:00:09]} 71. f5
{[%clk 00:06:22]} {[%emt 00:00:11]} Bd8 {[%clk 00:29:26]} {[%emt 00:00:02]} 72.
Kc8 {[%clk 00:05:58]} {[%emt 00:00:27]} Bc7 {[%clk 00:29:25]} {[%emt 00:00:08]}
73. Kb7 {[%clk 00:05:37]} {[%emt 00:00:25]} Bd8 {[%clk 00:29:26]} {[%emt
00:00:05]} 74. Ka6 {[%clk 00:05:24]} {[%emt 00:00:19]} Bc7 {[%clk 00:29:25]}
{[%emt 00:00:05]} 75. Kb5 {[%clk 00:05:14]} {[%emt 00:00:15]} Kd5 {[%clk
00:29:22]} {[%emt 00:00:08]} 76. Be6 {[%clk 00:04:17]} {[%emt 00:00:56]} Kd6
{[%clk 00:29:25]} {[%emt 00:00:08]} 77. Bd7 {[%clk 00:04:00]} {[%emt 00:00:22]}
Kd5 {[%clk 00:29:21]} {[%emt 00:00:10]} 78. Ka6 {[%clk 00:03:56]} {[%emt
00:00:09]} Kd6 {[%clk 00:29:25]} {[%emt 00:00:01]} 79. Kb7 {[%clk 00:03:54]}
{[%emt 00:00:07]} Bd8 {[%clk 00:29:29]} {[%emt 00:00:01]} 80. Ka6 {[%clk
00:03:53]} {[%emt 00:00:06]} Bc7 {[%clk 00:29:23]} {[%emt 00:00:10]} 81. Kb5
{[%clk 00:03:52]} {[%emt 00:00:07]} Bb6 {[%clk 00:29:24]} {[%emt 00:00:04]} 82.
Kxb6 {[%clk 00:03:48]} {[%emt 00:00:09]} 1-0

[Event "DVM U10 2023"]
[Site "Magdeburg GER"]
[Date "2023.12.27"]
[Round "2"]
[White "Geschke, Jonathan"]
[Black "Heilmann, Theo"]
[Result "1/2-1/2"]
[Termination "normal"]
[Board "13.1"]
[WhiteElo "1424"]
[BlackElo "1315"]
[WhiteClock "00:10:53"]
[BlackClock "00:35:42"]
[WhiteTeam "SG Porz"]
[BlackTeam "Schachfüchse Kempen 1986"]
[PlyCount "67"]
[WhiteFideId "34636129"]
[BlackFideId "34678476"]
[EventCountry "GER"]
[EventRounds "7"]
[EventType "team-swiss"]
[EventDate "2023.12.27"]

1. e4 {[%clk 00:55:08]} {[%emt 00:00:02]} c6 {[%clk 00:53:00]} {[%emt
00:02:11]} 2. d4 {[%clk 00:55:00]} {[%emt 00:00:13]} d5 {[%clk 00:52:57]}
{[%emt 00:00:08]} 3. exd5 {[%clk 00:54:43]} {[%emt 00:00:11]} cxd5 {[%clk
00:53:01]} 4. Bd3 {[%clk 00:54:29]} {[%emt 00:00:31]} Nc6 {[%clk 00:52:54]}
{[%emt 00:00:12]} 5. c3 {[%clk 00:54:26]} {[%emt 00:00:08]} Nf6 {[%clk
00:52:51]} {[%emt 00:00:06]} 6. h3 {[%clk 00:54:20]} {[%emt 00:00:12]} g6
{[%clk 00:52:48]} {[%emt 00:00:08]} 7. Nf3 {[%clk 00:53:55]} {[%emt 00:00:30]}
Bf5 {[%clk 00:52:44]} {[%emt 00:00:10]} 8. O-O {[%clk 00:51:08]} {[%emt
00:02:53]} Bxd3 {[%clk 00:52:41]} {[%emt 00:00:07]} 9. Qxd3 {[%clk 00:51:03]}
{[%emt 00:00:10]} Bg7 {[%clk 00:51:52]} {[%emt 00:00:54]} 10. Re1 {[%clk
00:50:07]} {[%emt 00:01:02]} O-O {[%clk 00:51:25]} {[%emt 00:00:31]} 11. Bf4
{[%clk 00:49:42]} {[%emt 00:00:29]} Qb6 {[%clk 00:51:07]} {[%emt 00:00:23]} 12.
Qc2 {[%clk 00:48:15]} {[%emt 00:01:33]} e6 {[%clk 00:50:44]} {[%emt 00:00:28]}
13. Ne5 {[%clk 00:47:32]} {[%emt 00:00:47]} Rac8 {[%clk 00:49:36]} {[%emt
00:01:13]} 14. Qd2 {[%clk 00:43:00]} {[%emt 00:04:37]} Ne4 {[%clk 00:48:54]}
{[%emt 00:00:47]} 15. Rxe4 {[%clk 00:38:34]} {[%emt 00:04:32]} dxe4 {[%clk
00:48:21]} {[%emt 00:00:37]} 16. Nd7 {[%clk 00:38:15]} {[%emt 00:00:24]} Qb5
{[%clk 00:48:05]} {[%emt 00:00:22]} 17. Nxf8 {[%clk 00:36:34]} {[%emt
00:01:46]} Rxf8 {[%clk 00:47:59]} {[%emt 00:00:10]} 18. Na3 {[%clk 00:35:50]}
{[%emt 00:00:51]} Qd5 {[%clk 00:46:37]} {[%emt 00:01:26]} 19. Qe3 {[%clk
00:31:01]} {[%emt 00:04:53]} e5 {[%clk 00:46:00]} {[%emt 00:00:43]} 20. dxe5
{[%clk 00:30:13]} {[%emt 00:00:54]} Bxe5 {[%clk 00:45:44]} {[%emt 00:00:19]}
21. Bh6 {[%clk 00:30:02]} {[%emt 00:00:17]} Bg7 {[%clk 00:45:29]} {[%emt
00:00:20]} 22. Bxg7 {[%clk 00:29:45]} {[%emt 00:00:21]} Kxg7 {[%clk 00:44:44]}
{[%emt 00:00:51]} 23. c4 {[%clk 00:28:46]} {[%emt 00:01:04]} Qe5 {[%clk
00:44:35]} {[%emt 00:00:14]} 24. Rb1 {[%clk 00:26:07]} {[%emt 00:03:57]} Rd8
{[%clk 00:42:00]} {[%emt 00:02:40]} 25. Nb5 {[%clk 00:23:09]} {[%emt 00:03:03]}
Rd3 {[%clk 00:41:21]} {[%emt 00:00:44]} 26. Qe2 {[%clk 00:20:40]} {[%emt
00:02:33]} a6 {[%clk 00:41:07]} {[%emt 00:00:21]} 27. Nc3 {[%clk 00:20:13]}
{[%emt 00:00:32]} f5 {[%clk 00:40:29]} {[%emt 00:00:43]} 28. Rd1 {[%clk
00:18:19]} {[%emt 00:01:59]} Rxd1+ {[%clk 00:39:57]} {[%emt 00:00:36]} 29. Qxd1
{[%clk 00:18:12]} {[%emt 00:00:12]} Qd4 {[%clk 00:39:54]} {[%emt 00:00:09]} 30.
Qb3 {[%clk 00:15:41]} {[%emt 00:02:36]} Qd7 {[%clk 00:39:23]} {[%emt 00:00:35]}
31. Nd5 {[%clk 00:15:14]} {[%emt 00:00:33]} Qc8 {[%clk 00:38:12]} {[%emt
00:01:15]} 32. Qc3+ {[%clk 00:14:51]} {[%emt 00:00:29]} Kh6 {[%clk 00:36:04]}
{[%emt 00:02:12]} 33. Qe3+ {[%clk 00:11:55]} {[%emt 00:03:01]} Kg7 {[%clk
00:35:42]} {[%emt 00:00:27]} 34. Qc3+ {[%clk 00:10:53]} {[%emt 00:01:39]}
1/2-1/2

[Event "DVM U10 2023"]
[Site "Magdeburg GER"]
[Date "2023.12.27"]
[Round "2"]
[White "Reuscher, Joel David"]
[Black "Bienbeck, Matthis"]
[Result "1-0"]
[Termination "normal"]
[Board "13.2"]
[WhiteElo "1010"]
[BlackElo "1279"]
[WhiteClock "00:10:39"]
[BlackClock "00:04:24"]
[WhiteTeam "Schachfüchse Kempen 1986"]
[BlackTeam "SG Porz"]
[PlyCount "107"]
[EventCountry "GER"]
[EventRounds "7"]
[EventType "team-swiss"]
[EventDate "2023.12.27"]

1. e4 {[%clk 00:52:56]} {[%emt 00:02:14]} c5 {[%clk 00:54:57]} {[%emt
00:00:14]} 2. Nc3 {[%clk 00:52:38]} {[%emt 00:00:23]} Nc6 {[%clk 00:54:39]}
{[%emt 00:00:22]} 3. Nf3 {[%clk 00:52:23]} {[%emt 00:00:19]} g6 {[%clk
00:54:24]} {[%emt 00:00:21]} 4. Bc4 {[%clk 00:51:59]} {[%emt 00:00:29]} Bg7
{[%clk 00:54:05]} {[%emt 00:00:24]} 5. d3 {[%clk 00:51:30]} {[%emt 00:00:34]}
d6 {[%clk 00:53:38]} {[%emt 00:00:32]} 6. h3 {[%clk 00:51:25]} {[%emt
00:00:10]} Nf6 {[%clk 00:53:29]} {[%emt 00:02:17]} 7. Qe2 {[%clk 00:50:20]}
{[%emt 00:00:27]} O-O {[%clk 00:53:04]} {[%emt 00:00:29]} 8. O-O {[%clk
00:50:16]} {[%emt 00:00:10]} a6 {[%clk 00:52:05]} {[%emt 00:01:04]} 9. a3
{[%clk 00:48:53]} {[%emt 00:01:28]} b5 {[%clk 00:51:24]} {[%emt 00:00:45]} 10.
Bd5 {[%clk 00:48:29]} {[%emt 00:00:30]} Nxd5 {[%clk 00:50:13]} {[%emt
00:01:17]} 11. Nxd5 {[%clk 00:48:18]} {[%emt 00:00:15]} e6 {[%clk 00:49:56]}
{[%emt 00:00:21]} 12. Nc3 {[%clk 00:47:12]} {[%emt 00:01:12]} Qc7 {[%clk
00:48:12]} {[%emt 00:01:48]} 13. Be3 {[%clk 00:42:58]} {[%emt 00:04:18]} Bb7
{[%clk 00:45:45]} {[%emt 00:02:33]} 14. Rfd1 {[%clk 00:41:35]} {[%emt
00:01:28]} b4 {[%clk 00:42:16]} {[%emt 00:03:36]} 15. axb4 {[%clk 00:40:54]}
{[%emt 00:00:45]} cxb4 {[%clk 00:41:46]} {[%emt 00:00:35]} 16. Na2 {[%clk
00:40:51]} {[%emt 00:00:07]} Bxb2 {[%clk 00:39:13]} {[%emt 00:02:39]} 17. Rab1
{[%clk 00:39:44]} {[%emt 00:01:12]} Bg7 {[%clk 00:38:54]} {[%emt 00:00:23]} 18.
Nxb4 {[%clk 00:38:49]} {[%emt 00:01:01]} Nxb4 {[%clk 00:37:45]} {[%emt
00:01:14]} 19. Rxb4 {[%clk 00:38:17]} {[%emt 00:00:36]} d5 {[%clk 00:37:01]}
{[%emt 00:00:48]} 20. exd5 {[%clk 00:36:31]} {[%emt 00:01:52]} Bxd5 {[%clk
00:36:43]} {[%emt 00:00:23]} 21. c4 {[%clk 00:36:12]} {[%emt 00:00:25]} Bxf3
{[%clk 00:34:30]} {[%emt 00:02:18]} 22. Qxf3 {[%clk 00:35:19]} {[%emt
00:00:58]} a5 {[%clk 00:32:44]} {[%emt 00:01:51]} 23. Ra4 {[%clk 00:34:44]}
{[%emt 00:00:40]} Qd7 {[%clk 00:32:22]} {[%emt 00:00:26]} 24. Ra3 {[%clk
00:33:12]} {[%emt 00:01:38]} a4 {[%clk 00:31:47]} {[%emt 00:00:39]} 25. d4
{[%clk 00:32:37]} {[%emt 00:00:40]} Rfd8 {[%clk 00:30:10]} {[%emt 00:01:42]}
26. Qe4 {[%clk 00:29:15]} {[%emt 00:03:20]} e5 {[%clk 00:28:59]} {[%emt
00:01:23]} 27. d5 {[%clk 00:28:42]} {[%emt 00:00:39]} f5 {[%clk 00:27:49]}
{[%emt 00:01:15]} 28. Qc2 {[%clk 00:25:42]} {[%emt 00:02:50]} Ra6 {[%clk
00:24:19]} {[%emt 00:03:49]} 29. c5 {[%clk 00:25:28]} {[%emt 00:00:20]} Bf8
{[%clk 00:21:54]} {[%emt 00:02:28]} 30. d6 {[%clk 00:24:13]} {[%emt 00:01:21]}
Rc6 {[%clk 00:19:48]} {[%emt 00:02:12]} 31. Rxa4 {[%clk 00:23:39]} {[%emt
00:00:39]} f4 {[%clk 00:19:44]} {[%emt 00:00:08]} 32. Bc1 {[%clk 00:23:04]}
{[%emt 00:00:41]} Rxc5 {[%clk 00:19:12]} {[%emt 00:00:36]} 33. Qxc5 {[%clk
00:22:52]} {[%emt 00:00:19]} Qxa4 {[%clk 00:19:02]} {[%emt 00:00:14]} 34. Qd5+
{[%clk 00:22:19]} {[%emt 00:00:37]} Kh8 {[%clk 00:18:08]} {[%emt 00:01:00]} 35.
Qxe5+ {[%clk 00:22:00]} {[%emt 00:00:23]} Bg7 {[%clk 00:17:28]} {[%emt
00:00:45]} 36. Qd5 {[%clk 00:21:15]} {[%emt 00:00:48]} h6 {[%clk 00:15:04]}
{[%emt 00:02:31]} 37. d7 {[%clk 00:20:11]} {[%emt 00:01:10]} Qb4 {[%clk
00:12:52]} {[%emt 00:02:17]} 38. Bd2 {[%clk 00:19:00]} {[%emt 00:01:11]} Qf8
{[%clk 00:12:12]} {[%emt 00:00:50]} 39. Ba5 {[%clk 00:17:49]} {[%emt 00:01:14]}
Bf6 {[%clk 00:11:23]} {[%emt 00:00:55]} 40. Bxd8 {[%clk 00:17:43]} {[%emt
00:00:11]} Bxd8 {[%clk 00:11:26]} {[%emt 00:00:02]} 41. Qe5+ {[%clk 00:17:16]}
{[%emt 00:00:32]} Kh7 {[%clk 00:11:03]} {[%emt 00:00:28]} 42. Qe8 {[%clk
00:16:59]} {[%emt 00:00:23]} Qf6 {[%clk 00:10:14]} {[%emt 00:00:53]} 43. Re1
{[%clk 00:15:36]} {[%emt 00:01:28]} f3 {[%clk 00:09:06]} {[%emt 00:01:14]} 44.
Re6 {[%clk 00:14:26]} {[%emt 00:01:15]} Qa1+ {[%clk 00:08:48]} {[%emt
00:00:23]} 45. Kh2 {[%clk 00:14:23]} {[%emt 00:00:07]} Bc7+ {[%clk 00:07:37]}
{[%emt 00:01:16]} 46. g3 {[%clk 00:13:34]} {[%emt 00:00:55]} Bxg3+ {[%clk
00:07:17]} {[%emt 00:00:24]} 47. Kxg3 {[%clk 00:13:07]} {[%emt 00:00:33]} Qg1+
{[%clk 00:07:11]} {[%emt 00:00:11]} 48. Kf4 {[%clk 00:12:45]} {[%emt 00:00:26]}
g5+ {[%clk 00:05:50]} {[%emt 00:01:26]} 49. Kf5 {[%clk 00:12:26]} {[%emt
00:00:25]} Qb1+ {[%clk 00:05:07]} {[%emt 00:00:48]} 50. Kf6 {[%clk 00:11:22]}
{[%emt 00:01:09]} Qb2+ {[%clk 00:04:53]} {[%emt 00:00:19]} 51. Re5 {[%clk
00:11:16]} {[%emt 00:00:11]} Qb6+ {[%clk 00:04:43]} {[%emt 00:00:15]} 52. Qe6
{[%clk 00:10:56]} {[%emt 00:00:25]} Qd8+ {[%clk 00:04:40]} {[%emt 00:00:07]}
53. Qe7+ {[%clk 00:10:42]} {[%emt 00:00:20]} Qxe7+ {[%clk 00:04:24]} {[%emt
00:00:22]} 54. Rxe7+ {[%clk 00:10:39]} {[%emt 00:00:07]} *